| 000 | 01149cad a22002175a 4500 | ||
|---|---|---|---|
| 001 | L150700 | ||
| 008 | 100819e20100813xxkd f s f000 0 eng d | ||
| 035 | _a(Sirsi) u150700 | ||
| 041 | 0 | _aeng | |
| 110 | 1 |
_aUnited Kingdom _bOffice of National Statistics _92035 |
|
| 245 | 0 | 0 |
_aOutput in the construction industry _bsecond quarter 2010 _h[electronic resource] |
| 260 | _c2010 | ||
| 490 |
_aONS Statistical Bulletin _vSecond Quarter 2010, 13 August 2010 |
||
| 520 | _aStatistics include total output in Great Britain 2005-2010, construction industry output (constant (2005) prices, seasonally adjusted), new housing, new infrastructure, new public non-housing, new private non-housing, housing repair and maintenance, non-housing repair and maintenance, revisions, further information sources. | ||
| 590 | _aKA NTK | ||
| 650 | 2 | 4 | _aONS NEW CONSTRUCTION ORDERS |
| 651 | 4 |
_aGreat Britain _y1707- |
|
| 690 | _aBUILT ENVIRONMENT-CONSTRUCTION MARKET | ||
| 856 | 4 | 0 |
_uhttps://www.ons.gov.uk/ons/rel/construction/output-in-the-construction-industry/q2-2010/q2-2010-statistical-bulletin.pdf _zView the website free of charge at www.ons.gov.uk |
| 942 | _n0 | ||
| 999 |
_c82611 _d82611 |
||